000 00467nam a2200181Ia 4500
003 GCL
008 140319s9999 xx 000 0 eng d
040 _aGCL /
_cGCL
082 0 4 _a616.9883
_bM M
100 1 _aMANSON-BAHR, P.E.C.
245 1 0 _aMANSON'S TROPICAL DISEASES /
_cMANSON-BAHR, P.E.C.
700 1 _aBELL, D.R.
260 _a[S.N] :
_bELBS LONGMAN ،
_c1991
300 _a1557 P
650 0 4 _aTROPICAL MEDICINE
650 0 4 _aMEDICINE
942 _2ddc
_cBK
999 _c20009
_d20009